000 01225nac a22003257a 4500
001 BR8800946
003 BR-BrBNA
005 20240105120715.0
008 230509b bl.|||m| |||| 00| 0 por d
040 _aBR-BrBNA
_bpor
_cBiblioteca Nacional de Agricultura
072 _aL73; L72
090 _a5212 BR8800946
100 1 _aMadruga, C.R.
100 1 _aKessler, R.H.
100 1 _aSacco, A.M.S.
100 1 _aJesus, E.F. de
100 1 _aMiguita, C.T.
110 1 _aCentro Nacional de Pesquisa de Gado de Corte, Campo Grande, MS (Brasil)
_91771
245 1 _aProducao de antigeno e analise preliminar do teste de imunofluorescencia indireta para o diagnostico de anticorpos contra Anaplasma marginale
246 1 _a[Antigens production and preliminary test of immumofluorescence for antibodies diagnoses against Anaplasma marginale]
260 3 _aCampo Grande, MS (Brasil):
_c1986.
300 _a4 p.
490 _aPesquisa em Andamento - Centro Nacional de Pesquisa de Gado de Corte (Brazil)
_vno. 31
_xISSN 0100-7858
650 _aBOVINO
650 _aANAPLASMOSE
650 _aPROTOZOARIO
650 _aIMUNOFLUORESCENCIA
909 _a202312
_bLúcia Elande
_c55
_dLúcia Elande
942 _2AGRIS
_n0
_cMS
999 _c281000
_d281000